Velké peníze /

Hlavní autor: Wodehouse, P. G. 1881-1975
Další autoři: Vávra, Ivan
Jazyk: Čeština
Vydáno: Praha : Vyšehrad, 2016
Vydání: Vydání v tomto překladu první
Témata:
Fyzický popis: 220 stran ; 21 cm
Knihy
Uloženo v:
LEADER 01504cam a2200421 i 4500
001 nkc20162787364
003 CZ PrNK
005 20160509090446.0
007 ta
008 160322s2016 xr g 000 f cze d
015 |a cnb002787364 
020 |a 978-80-7429-615-4  |q (vázáno) :  |c Kč 248,00 
035 |a (OCoLC)951553880 
040 |a ULG001  |b cze  |d OLA001  |d ABA001  |e rda 
041 1 |a cze  |h eng 
072 7 |a 821.111-3  |x Anglická próza, anglicky psaná  |2 Konspekt  |9 25 
080 |a 821.111-31  |2 MRF 
080 |a (0:82-311.5)  |2 MRF 
100 1 |a Wodehouse, P. G.  |q (Pelham Grenville),  |d 1881-1975  |7 jn19990009232  |4 aut 
240 1 0 |a Big money.  |l Česky  |7 aun2016910011 
245 1 0 |a Velké peníze /  |c Pelham Grenville Wodehouse ; z anglického originálu Big money přeložil Ivan Vávra 
250 |a Vydání v tomto překladu první 
264 1 |a Praha :  |b Vyšehrad,  |c 2016 
300 |a 220 stran ;  |c 21 cm 
336 |a text  |b txt  |2 rdacontent 
337 |a bez média  |b n  |2 rdamedia 
338 |a svazek  |b nc  |2 rdacarrier 
655 7 |a anglické romány  |7 fd131814  |2 czenas 
655 7 |a humoristické romány  |7 fd132431  |2 czenas 
655 9 |a English fiction  |2 eczenas 
655 9 |a humorous novels  |2 eczenas 
700 1 |a Vávra, Ivan  |7 pna2007389401  |4 trl 
910 2 |a BOA001  |b 2-1365.827 
920 |a KN3148000000715711  |z ULG001 
990 |a BK 
995 |a 01 
991 |b 201604  |c NOV 
996 6 |b 2610666950  |c 2-1365.827  |l MZK  |r Sklad / do 1 hodiny  |n 0  |p p.v.  |w 001556175  |u 000010  |a 1  |e BOA001  |j MZK50  |s P